| 000 | 02443nam0a2200409 i 4500 | ||
|---|---|---|---|
| 001 | RU\NLR\bibl\1943157 | ||
| 005 | 20260408055127.0 | ||
| 010 |
_a9785794208917 _9250 |
||
| 021 |
_aRU _b2012-60234 _94415 |
||
| 035 | _a(nilc)RSL-KNO-005481799 | ||
| 035 | _a(NLR Aleph) 001932415 | ||
| 090 |
_a3453901 _c3453901 |
||
| 100 | _a20120816d2012 k y0rusy50 ca | ||
| 101 | 0 | _arus | |
| 102 | _aRU | ||
| 105 | _aa ||||||||| | ||
| 200 | 1 |
_aРоссийская экономика в 2010-2012 годах: тенденции, анализ, прогноз _e[аналитический доклад _fА.А. Френкель - д.э.н., Э.Ф. Баранов - д.э.н., Е.В. Головина и др. _gнауч. ред.: С.В. Казанцев - д.э.н. и др.] _gФин. ун-т при Правительстве Рос. Федерации (Фин. ун-т), Ин-т фин.-экон. исслед., Фонд содействия внедрению науч. разработок СОНАР |
|
| 210 |
_aМосква _cФинансовый университет _d2012 |
||
| 215 |
_a114 с. _cил. _d20 |
||
| 300 | _aАвт. указаны на обороте тит. л. | ||
| 320 | _aБиблиогр. в подстроч. примеч. | ||
| 607 |
_aРоссийская Федерация _xНародное хозяйство _xПрогнозирование _92079098 _3RU\NLR\auth\661254970 |
||
| 686 |
_aУ9(2),0 _2rubbk |
||
| 686 | _aУ03(2Р)74 | ||
| 686 | _aУ23(2)038(2Р) | ||
| 701 | 1 |
_aФренкель _bА. А. _gАлександр Адольфович _4070 |
|
| 701 | 1 |
_4070 _8rus _7ca _aБаранов _bЭ. Ф. _cд-р экон. наук _f1939- _gЭдуард Филаретович _3RU\NLR\auth\77122092 _9105017 |
|
| 701 | 1 |
_aГоловина _bЕ. В. _4070 |
|
| 702 | 1 |
_4340 _7ca _8rus _aКазанцев _bС. В. _cд-р экон. наук, экономико-матем. методы _gСергей Владимирович _9271258 _3RU\NLR\AUTH\770271314 |
|
| 712 | 0 | 2 |
_4570 _aФинансовый университет при Правительстве Российской Федерации _cМосква _bИнститут финансово-экономических исследований _3RU\NLR\AUTH\8810202310 _9292711 |
| 801 | 0 |
_aRU _bRuMoRKP _c20120816 _grcr |
|
| 801 | 1 |
_aRU _bРГБ _c20120816 |
|
| 801 | 2 |
_aRU _bNLR _c20120910 _grcr |
|
| 942 | _cBOOK | ||
| 980 | _aNBR | ||